Verdauungssystem: Ordne die Organe zu - Statistiken

Allgemein
  • Dieses Quiz wurde 42 mal gespielt
  • Das Durchschnittsergebnis liegt bei 6 aus 16
Antwortstatistiken
Bildquiz Antwort % Korrekt
7 Magen
71%
6 Speiseröhre
65%
1 Mundhöhle
61%
8 Leber
61%
12 Dünndarm
58%
14 Dickdarm
48%
15 Mastdarm / Enddarm
45%
9 Gallenblase
45%
10 Bauchspeicheldrüse
39%
16 After
35%
13 Wurmfortsatz
23%
5 Zunge
23%
11 Zwölffingerdarm
19%
2 Ohrspeicheldrüse
6%
3 Unterzungenspeicheldrüsse
6%
4 Unterkieferspeicheldrüse
6%
Keine übereinstimmenden Quizze gefunden
Verteilung der Resultate
Anzahl Personen mit jedem Resultat
Perzentil nach korrekt beantworteten Fragen
Ihre Resultats-Entwicklung
Sie haben dieses Quiz noch nicht gespielt